NLSUI OPAC header image

Steel carriage by sea (Record no. 28826)

MARC details
000 -LEADER
fixed length control field 00852nam a2200229Ia 4500
003 - CONTROL NUMBER IDENTIFIER
control field OSt
005 - DATE AND TIME OF LATEST TRANSACTION
control field 20201216151945.0
008 - FIXED-LENGTH DATA ELEMENTS--GENERAL INFORMATION
fixed length control field 160316s2009 xxu||||| |||| 00| 0 eng d
020 ## - INTERNATIONAL STANDARD BOOK NUMBER
International Standard Book Number 9781843118633
040 ## - CATALOGING SOURCE
Transcribing agency NLS
082 ## - DEWEY DECIMAL CLASSIFICATION NUMBER
Classification number 341.7566
Item number SPA
100 ## - MAIN ENTRY--PERSONAL NAME
Personal name Sparks Arthur
245 ## - TITLE STATEMENT
Title Steel carriage by sea
250 ## - EDITION STATEMENT
Edition statement 5th
260 ## - PUBLICATION, DISTRIBUTION, ETC.
Place of publication, distribution, etc. London
Name of publisher, distributor, etc. Informa
Date of publication, distribution, etc. 2009
300 ## - PHYSICAL DESCRIPTION
Extent 443p
Dimensions xxiii
365 ## - TRADE PRICE
Price amount Rs. 22,707
505 ## - FORMATTED CONTENTS NOTE
Formatted contents note Preface;<br/>Acknowledgements;<br/>Table of Contents:<br/>Chapter 1. Manufacturing of Iron and Steel; <br/>Chapter 2. Types of Steel; <br/>Chapter 3. Carriage of Steel; <br/>Chapter 4. Surveying of Steel; <br/>Chapter 5. Handling of Steel Claims;<br/>Appendics;<br/>Index;<br/>List of Figures;<br/>List of Photographs.
650 ## - SUBJECT ADDED ENTRY--TOPICAL TERM
Topical term or geographic name entry element 1. Martime Law - U K 2. Carriage of Goods - Sea - U K
700 ## - ADDED ENTRY--PERSONAL NAME
Personal name Coppers Frans
--
942 ## - ADDED ENTRY ELEMENTS (KOHA)
Source of classification or shelving scheme Dewey Decimal Classification
Koha item type BOOKs
Holdings
Withdrawn status Lost status Damaged status Not for loan Home library Current library Shelving location Date acquired Cost, normal purchase price Total Checkouts Full call number Barcode Date last seen Price effective from Koha item type Public note
        . . NAB Compactor 30.05.2017 22707.00   341.7566 SPA 26213 30.05.2017 30.05.2017 BOOKs Kept in the NAB Compactor